Tansanias Nachbarstaaten - Statistiken

Allgemein
  • Dieses Quiz wurde 16 mal gespielt
  • Das Durchschnittsergebnis liegt bei 8 aus 8
Antwortstatistiken
Nachbarstaaten % Korrekt
Burundi
100%
Kenia
100%
Uganda
100%
Mosambik
94%
Ruanda
94%
Demokratische Republik Kongo
88%
Malawi
88%
Sambia
88%
Keine übereinstimmenden Quizze gefunden
Verteilung der Resultate
Anzahl Personen mit jedem Resultat
Perzentil nach korrekt beantworteten Fragen
Ihre Resultats-Entwicklung
Sie haben dieses Quiz noch nicht gespielt